Manuel Lorenzo de Vidaurre : (Record no. 15461)

000 -CABECERA
fixed length control field 00805nam a22002057a 4500
003 - IDENTIFICADOR DEL NÚMERO DE CONTROL
control field AR-CdUCM
008 - DATOS DE LONGITUD FIJA--INFORMACIÓN GENERAL
fixed length control field 190427b ||||| |||| 00| 0 spa d
040 ## - FUENTE DE LA CATALOGACIÓN
Agencia/entidad que catalogó originalmente la obra MUNICIPALIDAD PROVINCIAL DEL CUSCO
Entidad que transcribió la catalogación BIBLIOTECA MUNICIPAL DEL CUSCO
082 ## - NÚMERO DE LA CLASIFICACIÓN DECIMAL DEWEY
No. de Clasificación 985.009 /
Notacion interna L52 / 1935
100 ## - ENTRADA PRINCIPAL--NOMBRE DE PERSONA
Nombre Personal aLeguía, Jorge Guillermo
245 ## - MENCIÓN DE TÍTULO
Título Manuel Lorenzo de Vidaurre :
Resto del título Contribución a un ensayo de interpretación sicológica /
260 ## - PUBLICACIÓN, DISTRIBUCIÓN, ETC.
Lugar de publicación, distribución, etc. Lima :
Fecha de publicación, distribución, etc. 1935.
300 ## - DESCRIPCIÓN FÍSICA
Nº de Páginas Extensión 231 paginas ;
Dimensiones 21 cm.
440 ## - MENCIÓN DE SERIE/PUNTO DE ACCESO ADICIONAL--TÍTULO
Título Obras completas
9 (RLIN) 34541
505 ## - NOTA DE CONTENIDO CON FORMATO
Nota de contenido formateada Contenido :Juventud de Vidaurre --Videurre y los Vidaurres --El abogado --Fidelismo de Vidaurre --El reformista --Vidaurre y los Conjurados ...
650 ## - PUNTO DE ACCESO ADICIONAL DE MATERIA--TÉRMINO DE MATERIA
Descriptor Biografías históricas
9 (RLIN) 6252
650 ## - PUNTO DE ACCESO ADICIONAL DE MATERIA--TÉRMINO DE MATERIA
Descriptor Perú
9 (RLIN) 35
942 ## - ELEMENTOS DE PUNTO DE ACCESO ADICIONAL (KOHA)
Fuente de clasificación
Tipo de item Libros-BMC
945 ## - PROCESAMIENTO DE INFORMACIÓN LOCAL (OCLC)
Catalogador rjall
AAAA-MM-DD - Fecha de ingreso o modificacion 2019-04-27
Holdings
Estado de retiro (separado) Fuente de clasificación o esquema de estanterías Estado dañado Ubicación Sala donde se ubica Nombre de la colección Fecha de adquisición o compra Costo, precio normal en soles Signatura topográfica Código de Barras Última vez visto (Koha) Tipo de ítem (Koha)
No     Sala Cusco Antiguo Sala Cusco Antiguo Book Cart 2019-04-27 50.00 985.009 / L52 / 1935 SCA0003484 2019-04-27 Libros-BMC

Powered by Koha